| 000 | 00685nam a22001937a 4500 | ||
|---|---|---|---|
| 999 |
_c15748 _d15748 |
||
| 003 | AR-CdUCM | ||
| 008 | 190429b ||||| |||| 00| 0 spa d | ||
| 040 |
_aMUNICIPALIDAD PROVINCIAL DEL CUSCO _cBIBLIOTECA MUNICIPAL DEL CUSCO |
||
| 082 |
_a333.1 / _bCH26 / 1966 |
||
| 100 |
_aChavez Aliaga, Nazario _918475 |
||
| 245 | _aReforma agraria fracaso nacional / | ||
| 260 |
_aLima : _bEdiciones jurídicas, _c1966. |
||
| 300 |
_a170 páginas ; _c25 cm. |
||
| 505 | _aContenido : Declaración jurada -- El problema de la tierra su génesis -- Formacion de los latifundios ... | ||
| 650 |
_aReforma _94889 |
||
| 650 |
_aAgraria _921115 |
||
| 942 |
_2ddc _cLIBROS |
||
| 945 |
_arah _d29/04/2019 |
||